000 00709nam a2200217 4500
003 OSt
005 20240715072808.0
006 a
008 240715b |||||||| |||| 00| 0 eng d
020 _a9780781772841
040 _aDWCL-HMN lib.
_cOC
082 _2Fourth edition
_aCirc. 610.7343 H939i 2009
100 _aHunt, Roberta
245 _aIntroduction to community-based nursing /
250 _aFourth edition
260 _aPhiladelphia:
_bWolters Kluwer/ Lippincott Williams & Wilkins,
_cc2009.
300 _axvii,
_b524 p. : ill. ;
_c23 cm.
504 _aIncludes bibliographical references and index.
650 _a1. Community health nursing.
942 _2ddc
_n0
_cBK-CIRC
_eFourth edition
_kCirc.
999 _c2202
_d2202